अंग्रेजी हिंदी मुहावरा -लोकोक्ति कोश / (Record no. 121231)

MARC details
000 -LEADER
fixed length control field 01309nam a22002657a 4500
005 - DATE AND TIME OF LATEST TRANSACTION
control field 20170124103209.0
010 ## - LIBRARY OF CONGRESS CONTROL NUMBER
LC control number A-923656
020 ## - INTERNATIONAL STANDARD BOOK NUMBER
Terms of availability 400.00
International Standard Book Number 8173152187
035 ## - SYSTEM CONTROL NUMBER
System control number A-923656
037 ## - SOURCE OF ACQUISITION
Source of stock number/acquisition Cen Lib/Ret
040 ## - CATALOGING SOURCE
Original cataloging agency DPL
Language of cataloging HN
082 ## - DEWEY DECIMAL CLASSIFICATION NUMBER
Classification number 425
Item number तिवारी
100 ## - MAIN ENTRY--PERSONAL NAME
Personal name तिवारी, भोलानाथ
9 (RLIN) 95827
245 ## - TITLE STATEMENT
Title अंग्रेजी हिंदी मुहावरा -लोकोक्ति कोश /
Statement of responsibility, etc भोलानाथ तिवारी [एवं] द्रिजेंद्र नाथ
246 ## - VARYING FORM OF TITLE
Title proper/short title Angreji hindi muhavra - lokokti kosh
Remainder of title by Bholanath Tiwari [evam] Drijendra Nath
260 ## - PUBLICATION, DISTRIBUTION, ETC. (IMPRINT)
Place of publication, distribution, etc नई दिल्ली
Name of publisher, distributor, etc प्रभात प्रकाशन
Date of publication, distribution, etc 1998
270 ## - ADDRESS
Address 4/19, आसफ अली रोड
City नई दिल्ली
Postal code 110002
300 ## - PHYSICAL DESCRIPTION
Extent 591पृष्ठ.
Dimensions 22सेमी(सजिल्द)
650 ## - SUBJECT ADDED ENTRY--TOPICAL TERM
Topical term or geographic name as entry element मुहावरा कोश
9 (RLIN) 42948
650 ## - SUBJECT ADDED ENTRY--TOPICAL TERM
Topical term or geographic name as entry element हिंदी अंग्रेजी लोकोक्ति कोश
Form subdivision कोश
9 (RLIN) 95828
650 ## - SUBJECT ADDED ENTRY--TOPICAL TERM
Topical term or geographic name as entry element Idiom Dictionary
Form subdivision Dictionary
9 (RLIN) 95829
650 ## - SUBJECT ADDED ENTRY--TOPICAL TERM
Topical term or geographic name as entry element Hindi dictionary English proverb
9 (RLIN) 95830
700 ## - ADDED ENTRY--PERSONAL NAME
Personal name द्रिजेंद्र नाथ
9 (RLIN) 43331
942 ## - ADDED ENTRY ELEMENTS (KOHA)
Source of classification or shelving scheme Dewey Decimal Classification
Koha item type Hindi Books
Classification part 425
Call number suffix तिवारी
Holdings
Withdrawn status Lost status Damaged status Not for loan Collection code Home library Current library Date acquired Source of acquisition Cost, normal purchase price Total Checkouts Full call number Barcode Date last seen Copy number Cost, replacement price Price effective from Koha item type
      Not For Loan Reference Central Library Central Library 03/10/2015 Cen Lib/Ret 400.00   425 तिवारी A-923656 03/10/2015 1 400.00 03/10/2015 Hindi Books

© Delhi Public Library
Hit Counter
free hit counter